|
|
|
|
| LEADER |
00000nam0a2200000 4500 |
| 001 |
362498 |
| 005 |
20231102011509.0 |
| 035 |
|
|
|a (RuTPU)RU\TPU\retro\19844
|
| 090 |
|
|
|a 362498
|
| 100 |
|
|
|a 20210728d1980 k y0rusy50 ca
|
| 101 |
0 |
|
|a rus
|
| 102 |
|
|
|a UA
|
| 105 |
|
|
|a a z 001zy
|
| 200 |
1 |
|
|a Основные проблемы разрядно-импульсной технологии
|e сборник научных трудов
|f Академия наук Украинской ССР, Проектно-конструкторское бюро электрогидравлики
|
| 210 |
|
|
|a Киев
|c Наукова думка
|d 1980
|
| 215 |
|
|
|a 170 с.
|c ил.
|
| 320 |
|
|
|a Библиография в конце статей
|
| 606 |
1 |
|
|a Разрядно-импульсная технология
|2 stltpush
|3 (RuTPU)RU\TPU\subj\23656
|9 48208
|
| 610 |
1 |
|
|a подводный искровой разряд
|
| 610 |
1 |
|
|a каналы
|
| 610 |
1 |
|
|a вещество
|
| 610 |
1 |
|
|a свойства
|
| 610 |
1 |
|
|a плазма
|
| 610 |
1 |
|
|a параметры
|
| 610 |
1 |
|
|a электрические характеристики
|
| 610 |
1 |
|
|a разрядный контур
|
| 610 |
1 |
|
|a электровзрывные установки
|
| 610 |
1 |
|
|a генераторы импульсных токов
|
| 610 |
1 |
|
|a надежные конструкции
|
| 610 |
1 |
|
|a создание
|
| 675 |
|
|
|a 621.7.044
|v 4
|
| 712 |
0 |
2 |
|a Академия наук Украинской ССР
|b Проектно-конструкторское бюро электрогидравлики
|2 stltpush
|3 (RuTPU)RU\TPU\col\12258
|9 25364
|
| 801 |
|
1 |
|a RU
|b 63413507
|c 20210728
|
| 942 |
|
|
|c BK
|